LEADER 00814nam0-22002891i-450- 001 990006493020403321 005 20001010 035 $a000649302 035 $aFED01000649302 035 $a(Aleph)000649302FED01 035 $a000649302 100 $a20001010d--------km-y0itay50------ba 101 0 $aita 105 $ay-------001yy 200 1 $a<>Theory and Practice of African Politics$fChristian P. Potholm 210 $aEnglewood Cliffs$cPrentice-Hall$d1979. 215 $aXII, 307 p.$d22 cm 676 $a320.96 700 1$aPotholm,$bChristian P.$0244422 801 0$aIT$bUNINA$gRICA$2UNIMARC 901 $aBK 912 $a990006493020403321 952 $aXIV E 1651$b16760$fFSPBC 959 $aFSPBC 996 $aTheory and Practice of African Politics$9653730 997 $aUNINA DB $aGEN01 LEADER 00989nam0-2200325---450- 001 990009764250403321 005 20130925145538.0 010 $a978-88-6611-214-3 035 $a000976425 035 $aFED01000976425 035 $a(Aleph)000976425FED01 035 $a000976425 100 $a20130925d2012----km-y0itay50------ba 101 0 $aita 102 $aIT 105 $ay-------001yy 200 1 $aFatto fiscale e fatto penale$eparallelismi e convergenze$fAntonio Perrone 210 $aBari$cCacucci$d2012 215 $a382 p.$d23 cm 225 1 $aCollana della 2. Facoltà di giurisprudenza$fUniversità degli studi di Bari Aldo Moro, sede di Taranto$v28 610 0 $aReati fiscali 676 $a345.450233$v22$zita 700 1$aPerrone,$bAntonio$040138 801 0$aIT$bUNINA$gREICAT$2UNIMARC 901 $aBK 912 $a990009764250403321 952 $aUniv. 303 (28)$b49965$fFSPBC 959 $aFSPBC 996 $aFatto fiscale e fatto penale$9834827 997 $aUNINA